|
|
|
|
| LEADER |
01944nam a2200433 i 4500 |
| 001 |
EBC1343648 |
| 003 |
MiAaPQ |
| 005 |
20200520144314.0 |
| 006 |
m o d | |
| 007 |
cr cnu|||||||| |
| 008 |
131029s2013 enka o 001 0 eng d |
| 020 |
|
|
|z 9781849689106
|
| 020 |
|
|
|a 9781849689113
|q (electronic bk.)
|
| 035 |
|
|
|a (MiAaPQ)EBC1343648
|
| 035 |
|
|
|a (Au-PeEL)EBL1343648
|
| 035 |
|
|
|a (CaPaEBR)ebr10772058
|
| 035 |
|
|
|a (CaONFJC)MIL523850
|
| 035 |
|
|
|a (OCoLC)859388479
|
| 040 |
|
|
|a MiAaPQ
|b eng
|e rda
|e pn
|c MiAaPQ
|d MiAaPQ
|
| 050 |
|
4 |
|a HD38.5
|b .R385 2013
|
| 082 |
0 |
|
|a 658.70285
|2 23
|
| 100 |
1 |
|
|a Raul, Rakesh.
|
| 245 |
1 |
0 |
|a Microsoft dynamics NAV 7 programming cookbook :
|b learn to customize, integrate and administer NAV 7 using practical, hands-on recipes /
|c Rakesh Raul.
|
| 264 |
|
1 |
|a Birmingham, England :
|b Packt Publishing,
|c 2013.
|
| 264 |
|
4 |
|c 2013
|
| 300 |
|
|
|a 1 online resource (312 pages) :
|b illustrations (some color)
|
| 336 |
|
|
|a text
|2 rdacontent
|
| 337 |
|
|
|a computer
|2 rdamedia
|
| 338 |
|
|
|a online resource
|2 rdacarrier
|
| 500 |
|
|
|a "Quick answers to common problems"--Cover.
|
| 500 |
|
|
|a Includes index.
|
| 588 |
|
|
|a Description based on online resource; title from PDF title page (ebrary, viewed October 18, 2013).
|
| 590 |
|
|
|a Electronic reproduction. Ann Arbor, MI : ProQuest, 2015. Available via World Wide Web. Access may be limited to ProQuest affiliated libraries.
|
| 650 |
|
0 |
|a Management information systems.
|
| 650 |
|
0 |
|a Business logistics
|x Data processing.
|
| 655 |
|
4 |
|a Electronic books.
|
| 776 |
0 |
8 |
|i Print version:
|a Raul, Rakesh.
|t Microsoft dynamics NAV 7 programming cookbook : learn to customize, integrate and administer NAV 7 using practical, hands-on recipes.
|d Birmingham, England : Packt Publishing, c2013
|h 295 pages
|z 9781849689106
|
| 797 |
2 |
|
|a ProQuest (Firm)
|
| 856 |
4 |
0 |
|u https://ebookcentral.proquest.com/lib/matrademy/detail.action?docID=1343648
|z Click to View
|